| Tag |
First Indicator |
Second Indicator |
Subfields |
| LEADER |
00000pam a2200000 a 4500 |
| 001 |
in00002425121 |
| 005 |
20190207101147.0 |
| 008 |
921001s1993 nyu 001 0 eng |
| 010 |
|
|
|a 92035699
|
| 020 |
|
|
|a 0020416415 :
|c $10.00 ($12.95 Can.)
|
| 020 |
|
|
|a 9780020416418
|
| 029 |
1 |
|
|a YDXCP
|b 1786
|
| 029 |
1 |
|
|a AU@
|b 000009604275
|
| 035 |
|
|
|a (OCoLC)ocm26853729
|
| 035 |
|
|
|a (OCoLC)26853729
|
| 040 |
|
|
|a DLC
|c DLC
|d BAKER
|d BTCTA
|d YDXCP
|d TXA
|d UtOrBLW
|
| 043 |
|
|
|a n-mx---
|a n-ust--
|
| 049 |
|
|
|a TXAM
|
| 050 |
0 |
0 |
|a TX819.S29
|b B57 1993
|
| 082 |
0 |
0 |
|a 641.5972
|2 20
|
| 100 |
1 |
|
|a Birosik, Patti Jean.
|
| 245 |
1 |
0 |
|a Salsa /
|c P.J. Birosik.
|
| 250 |
|
|
|a 1st Collier Books ed.
|
| 264 |
|
1 |
|a New York :
|b Collier Books ;
|a Toronto :
|b Maxwell Macmillan Canada ;
|a New York :
|b Maxwell Macmillan International,
|c 1993.
|
| 300 |
|
|
|a 133 pages ;
|c 19 cm.
|
| 336 |
|
|
|a text
|b txt
|2 rdacontent
|
| 337 |
|
|
|a unmediated
|b n
|2 rdamedia
|
| 338 |
|
|
|a volume
|b nc
|2 rdacarrier
|
| 500 |
|
|
|a The Cushing Library/Chapman Texas Collection copy is part of the Floyd & Louise Chapman Texas & Borderlands Collection.
|5 TXA
|
| 500 |
|
|
|a Includes index.
|
| 500 |
|
|
|a "The Texas Cookbook Collection."
|
| 536 |
|
|
|a The Cushing Library/Texas & Borderlands copy was donated by Bonnie and John Kamenar.
|
| 650 |
|
0 |
|a Salsas (Cooking)
|
| 650 |
|
0 |
|a Cooking, Mexican.
|
| 650 |
|
0 |
|a Cooking, American
|x Southwestern style.
|
| 650 |
|
0 |
|a Cooking, American.
|
| 938 |
|
|
|a Baker & Taylor
|b BKTY
|c 11.95
|d 8.96
|i 0020416415
|n 0002220629
|s active
|
| 938 |
|
|
|a Baker and Taylor
|b BTCP
|n 92035699
|c $10.00 ($12.95 Can.)
|
| 938 |
|
|
|a YBP Library Services
|b YANK
|n 1786
|
| 948 |
|
|
|a cataloged
|b h
|c 2008/10/24
|d c
|e ceaton
|f 12:17:20 pm
|
| 994 |
|
|
|a C0
|b TXA
|
| 999 |
|
|
|a MARS
|
| 999 |
f |
f |
|s 8b1a3809-dbd5-3b77-9938-25fd53f82e73
|i a85fac0b-635e-312e-aff2-9ccd1c5ab61e
|t 0
|
| 952 |
f |
f |
|p noncirc
|a Texas A&M University
|b College Station
|c Cushing Memorial Library & Archives
|d Cushing: Chapman Texas Collection (Does not check out)
|t 0
|e TX819.S29 B57 1993
|h Library of Congress classification
|i unmediated -- volume
|
| 998 |
f |
f |
|a TX819.S29 B57 1993
|t 0
|l Cushing: Chapman Texas Collection (Does not check out)
|